Champion d'arènes + Conseil 4 + Villes + Badges Pokémon Hoenn - Statistiques

Statistiques générales
  • Ce quiz a été pris 610 fois
    608 depuis la dernière actualisation
  • Le résultat moyen est 20 sur 30
Statistiques - réponses
Hint Réponse % Correct
Acier Pierre Rochard
87%
Roche Roxanne
87%
Combat Bastien
84%
Normal Norman
84%
Eau Marc
81%
Mérouville
79%
Lavandia
77%
Myokara
76%
Clémenti-ville
75%
Vol Alizée
74%
Spectre Spectra
74%
Electrik Voltaire
74%
Atalanopolis
72%
Glace Glacia
72%
Dragon Aragon
71%
Roche
71%
Feu Adrianne
70%
Cimetronelle
70%
Ténèbres Damien
68%
Algatia
67%
Poing
66%
Vermilava
61%
Psy Lévy et Tatia
60%
Éternara
46%
Plume
44%
Balancier
39%
Pluie
37%
Chaleur
36%
Esprit
33%
Dynamo
28%
Aucun quiz correspondant
Distribution des résultats
% des personnes avec chaque résultat
Percentile par nombre de réponses
Votre historique - résultats
Vous n’avez pas pris ce quiz depuis la dernière actualisation